| 000 | 00675nam a2200265Ia 4500 | ||
|---|---|---|---|
| 999 |
_c53636 _d53636 |
||
| 001 | 20683 | ||
| 003 | GE_BSU | ||
| 005 | 20210303232753.0 | ||
| 008 | 181216s2008||||xx |||||||||||||| ||eng|| | ||
| 020 | _a9780470114834 | ||
| 040 | _cGE_BSU | ||
| 041 | _aeng | ||
| 080 | _a611 N-65 | ||
| 100 |
_aNielsen, Mark _910321 |
||
| 245 |
_aReal Anatomy - DVD / _cMark Nielsen, Shawn Miller. |
||
| 264 |
_aU.S.A : _bWiley, _c2008. |
||
| 300 | _aDVD | ||
| 541 | _h36Gel | ||
| 653 | _aReal Anatomy - DVD | ||
| 653 | _aАнатомия | ||
| 653 | _aანატომია | ||
| 653 | _aმედიცინა | ||
| 700 |
_aMiller, Shawn _eBy _910322 |
||
| 942 |
_cBK _2udc |
||